Река Хронос: Фантастический роман

Bibliographic Details
Main Author: Булычев К. Кир
Language:Russian
Published: Москва, Московский рабочий, 1992
Subjects:
Format: Book
KOHA link:https://koha.lib.tpu.ru/cgi-bin/koha/opac-detail.pl?biblionumber=108286

MARC

LEADER 00000nam0a2200000 4500
001 108286
005 20231101214804.0
010 |a 5239013535 
035 |a (RuTPU)RU\TPU\book\116894 
035 |a RU\TPU\book\24344 
090 |a 108286 
100 |a 20070118d1992 d y0rusy50 ca 
101 0 |a rus 
102 |a RU 
105 |a y z 000ay 
200 1 |a Река Хронос  |e Фантастический роман  |f К. Булычев 
210 |a Москва  |c Московский рабочий  |d 1992 
215 |a 415 с. 
610 1 |a романы 
610 1 |a фантастика 
675 |a Р2  |v 3 
700 1 |a Булычев  |b К.  |c писатель-фантаст, драматург, сценарист и литературовед, историк, востоковед, фалерист  |c доктор исторических наук  |c настоящее имя Можейко Игорь Всеволодович)  |f 1934-2003  |g Кир  |2 stltpush  |3 (RuTPU)RU\TPU\pers\43878  |9 21735 
801 0 |a RU  |b 63413507  |c 20011209  |g PSBO 
801 2 |a RU  |b 63413507  |c 20190627  |g PSBO 
942 |c BK